000 00524nam a2200181Ia 4500
008 240925s9999 xx 000 0 und d
020 _a70651426
082 _a510.240901 TRE
100 _aTremblay, J.P.; Manohar, R
245 0 _aDiscrete Mathematical Structures with Applications to Computer Science
250 _aNA
260 _aLake Forest:
_bMc Graw-Hill
_c,1975.
300 _axi,228p.
_bNA
_fOriginal
500 _aIncludes Index
600 _aHumanities & Natural Science
650 _aMathematics
942 _cBK
999 _c3138
_d3138